00381nam a2200145Ia 4500008004100000020000800041041001200049082001100061100001400072245009200086250000900178260003200187300000800219650000800227221030s9999 xx 000 0 und d a275 aEnglish a105.23 aH. C. Rai 0aIndustrial & Power ElectronicsbDevices, Circuits, Systems & Applicationscby H. C. Rai a10th bUmesh Pub.aNew Delhic2009 a580 aECE